| 000 | 01113nam a22002297a 4500 | ||
|---|---|---|---|
| 999 |
_c57322 _d57322 |
||
| 003 | Ge_BSU | ||
| 005 | 20200825132720.0 | ||
| 008 | 200520s2017 xxu||||| |||| 00| 0 geo d | ||
| 020 | _a9789941947650 | ||
| 041 | _ageo | ||
| 080 | _a34.096(479.22) + 342.096(479.22) ფ-62 | ||
| 100 |
_aფირცხალაშვილი, ანა. _98126 |
||
| 245 |
_aკაზუსის ამოხსნის 4 მოდელი ძირითად უფლებებში / _cანა ფირცხალაშვილი ; რედ. ბესიკ ლოლაძე. |
||
| 250 | _aმე-2 გამოცემა | ||
| 264 |
_aთბილისი : _bმერიდიანი, _c2017. |
||
| 300 |
_a196 გვ. ; _c20 სმ. |
||
| 653 | _aკაზუსების ამოხსნა. | ||
| 653 | _aკაზუსები საქართველოს საკონსტიტუციო სამართალში. | ||
| 653 | _aსამართალი | ||
| 700 |
_aლოლაძე, ბესიკ _eრედაქტორი _98130 |
||
| 942 |
_2udc _cBK |
||